<?xml version="1.0" encoding="UTF-8"?>
<collection xmlns="http://www.loc.gov/MARC21/slim">
 <record>
  <leader>00676pamaa2200181   4500</leader>
  <controlfield tag="001">0000041739</controlfield>
  <controlfield tag="005">20121206090000.0</controlfield>
  <controlfield tag="008">070327                             eng  </controlfield>
  <datafield tag="020" ind1="0" ind2="0">
   <subfield code="a">097750770x (CD-ROM) </subfield>
  </datafield>
  <datafield tag="090" ind1="0" ind2="0">
   <subfield code="a">QA37.3 </subfield>
   <subfield code="b">DIR 2006</subfield>
  </datafield>
  <datafield tag="245" ind1="1" ind2="0">
   <subfield code="a">30+ DIRECTED investigation [</subfield>
   <subfield code="m">CD-ROM]  </subfield>
   <subfield code="c">edited by Teresa Hanel.</subfield>
  </datafield>
  <datafield tag="260" ind1="0" ind2="0">
   <subfield code="a">Stepney SA: </subfield>
   <subfield code="b">The Mathematical Association of South Australia Inc, </subfield>
   <subfield code="c">2006.</subfield>
  </datafield>
  <datafield tag="300" ind1=" " ind2=" ">
   <subfield code="a">1 compact disc; </subfield>
   <subfield code="c">5 in.</subfield>
  </datafield>
  <datafield tag="500" ind1="0" ind2="0">
   <subfield code="a">To accompany with titled &quot; 30+ directed investigation edited by Teresa Hanel - 2005&quot;</subfield>
  </datafield>
  <datafield tag="501" ind1="0" ind2="0">
   <subfield code="a">FAS</subfield>
  </datafield>
  <datafield tag="650" ind1="0" ind2="0">
   <subfield code="a">Mathematics </subfield>
  </datafield>
  <datafield tag="710" ind1="1" ind2="1">
   <subfield code="a">The Mathematical Association of South Australia Inc. </subfield>
  </datafield>
  <datafield tag="901" ind1=" " ind2=" ">
   <subfield code="u">http://www.masa.on.net.au</subfield>
  </datafield>
 </record>
</collection>
